| 000 | 00000nam##2200000za#4500 |
| 001 | 9.574000 |
| 003 | CaOODSP |
| 005 | 20210624183954 |
| 007 | cr ||||||||||| |
| 008 | 150406|1998||||xxc|||||o f|0| 0 eng|d |
| 022 | |a1488-5379 |
| 040 | |aCaOODSP|beng |
| 043 | |an-cn--- |
| 086 | 1 |aFs97-6/2226E-PDF |
| 110 | 1 |aCanada. |bDepartment of Fisheries and Oceans. |bMaritimes Region. |
| 245 | 10|aInorganic chemical analysis of major rivers flowing into the Bay of Fundy, Scotian Shelf and Bras d'Or Lakes / |h[electronic resource]|cby J.A. Dalziel, P.A. Yeats and B.P. Amirault. |
| 260 | |aDartmouth - Nova Scotia : |bFisheries and Oceans Canada. |cc1998. |
| 300 | |a148p.|bgraphs, map, tables |
| 490 | 1 |aCanadian technical report of fisheries and aquatic sciences|x1488-5379|vNo. 2226 |
| 500 | |aThe catalogue number (Fs97-6/2226E) and ISSN (0706-6457) for the print edition have been incorrectly copied in this electronic publication. |
| 546 | |a(Résumé en français) |
| 590 | |a12-22-Supp|b2012-05-24 |
| 720 | 1 |aDalziel, J. A. |
| 720 | 1 |aYeats, P. A. |
| 720 | 1 |aAmirault, B. P. |
| 776 | 0#|tInorganic chemical analysis of major rivers flowing into the Bay of Fundy, Scotian Shelf and Bras d'Or Lakes / |w(CaOODSP)9.614601 |
| 830 | #0|aCanadian technical report of fisheries and aquatic sciences,|x1488-5379|vNo. 2226|w(CaOODSP)9.504449 |
| 856 | 40|ahttp://publications.gc.ca|qPDF|s5.21 MB|uhttps://publications.gc.ca/collections/collection_2012/mpo-dfo/Fs97-6-2226-eng.pdf|yNo. 2226 |